| 000 | 00533nam a22001937a 4500 | ||
|---|---|---|---|
| 999 |
_c8057 _d8057 |
||
| 003 | OSt | ||
| 005 | 20230118103342.0 | ||
| 008 | 230118b ||||| |||| 00| 0 eng d | ||
| 020 | _a0415418372 | ||
| 040 | _cDDC | ||
| 082 | _a301.3 SAC 2007 | ||
| 100 |
_aSaunders, Peter _916397 |
||
| 245 | _aSocial theory and the urban question. | ||
| 260 |
_aLondon ; _b Routledge: _c 2007 |
||
| 300 |
_a310 pages ; _c 24 cm |
||
| 504 | _aIncludes bibliographical references and index. | ||
| 650 |
_aSociology, Urban. _915281 |
||
| 942 |
_2ddc _cBOOK |
||